[Event "C'est un classique III-A"]
[Site "chess.com"]
[Date "2020.11.22"]
[Round "2.5"]
[White "Latorre, Vincent"]
[Black "Varro, Daniel"]
[Result "1-0"]
[WhiteElo "2071"]
[BlackElo "1831"]
[PlyCount "127"]
[EventDate "2020.11.15"]
[EventType "swiss"]
[EventRounds "5"]
[EventCountry "CAN"]

1. e4 c6 2. d4 d5 3. exd5 cxd5 4. Bd3 Nc6 5. c3 Nf6 6. Bf4 Bg4 7. Qb3 Qd7 8.
Nd2 e6 9. Ngf3 Bd6 10. Ne5 Qc7 11. Nxg4 Bxf4 12. Nxf6+ gxf6 13. Nf3 h5 14. a4
h4 15. Qa2 Na5 16. Bb5+ Ke7 17. h3 Nc4 18. Bxc4 Qxc4 19. Qxc4 dxc4 20. O-O Rag8
21. Rae1 Rh5 22. Re4 Bd6 23. d5 Rxd5 24. Rxc4 b5 25. Rxh4 a6 26. axb5 Rxb5 27.
Rb1 Rgb8 28. b4 a5 29. Nd4 R5b6 30. b5 Bc5 31. c4 a4 32. Ra1 Ra8 33. Nc6+ Rxc6
34. bxc6 Kd6 35. Re4 Kxc6 36. h4 f5 37. Re2 a3 38. Rea2 Rh8 39. g3 Rg8 40. Rxa3
Bxa3 41. Rxa3 Kc5 42. Rc3 Kd4 43. Rc1 f4 44. Kg2 Kc5 45. Kf3 fxg3 46. fxg3 f5
47. Re1 Rg6 48. h5 Rh6 49. g4 fxg4+ 50. Kxg4 Kxc4 51. Kg5 Rh8 52. Rxe6 Kd5 53.
Re1 Rg8+ 54. Kf5 Rf8+ 55. Kg6 Rf2 56. h6 Rg2+ 57. Kf7 Rh2 58. Re6 Ra2 59. Rg6
Ra7+ 60. Kf6 Ra1 61. h7 Rf1+ 62. Kg7 Ra1 63. h8=Q Ra7+ 64. Kh6 1-0

[Event "C'est un classique III-A"]
[Site "chess.com"]
[Date "2020.11.22"]
[Round "2.6"]
[White "Allard, Laurent"]
[Black "Laroche, Hugo"]
[Result "1/2-1/2"]
[WhiteElo "2165"]
[BlackElo "1738"]
[PlyCount "92"]
[EventDate "2020.11.15"]
[EventType "swiss"]
[EventRounds "5"]
[EventCountry "CAN"]

1. e4 e5 2. Nf3 Nc6 3. d4 exd4 4. Nxd4 Bc5 5. Nb3 Bb6 6. Nc3 d6 7. Qe2 a5 8. a4
Nf6 9. Be3 Bxe3 10. Qxe3 O-O 11. O-O-O Re8 12. Bb5 Bd7 13. f3 Ne5 14. g4 Bxb5
15. Nxb5 Nfd7 16. h3 Nb6 17. N3d4 Nxa4 18. Nf5 Qd7 19. Na3 Nc5 20. f4 Nxe4 21.
fxe5 Rxe5 22. Qd4 Rae8 23. Nc4 Rxf5 24. gxf5 Ng3 25. Rhe1 Ne2+ 26. Rxe2 Rxe2
27. Rg1 g6 28. fxg6 hxg6 29. Ne3 Qxh3 30. Rxg6+ fxg6 31. Qc4+ Kg7 32. Qxe2 Qe6
33. Kd2 Qe5 34. c3 c6 35. Nc4 Qd5+ 36. Kc2 Qf5+ 37. Kb3 a4+ 38. Ka2 Qd5 39. Ka1
Qh1+ 40. Ka2 Qd5 41. Kb1 b5 42. Qe7+ Kg8 43. Qe8+ Kg7 44. Qe7+ Kg8 45. Nxd6
Qd1+ 46. Ka2 Qb3+ 1/2-1/2

[Event "C'est un classique III-A"]
[Site "chess.com"]
[Date "2020.11.22"]
[Round "2.7"]
[White "Morin, Louis"]
[Black "Bilodeau-Savaria, Sandy-Rose"]
[Result "0-1"]
[WhiteElo "1871"]
[BlackElo "1700"]
[PlyCount "48"]
[EventDate "2020.11.15"]
[EventType "swiss"]
[EventRounds "5"]
[EventCountry "CAN"]

1. e4 c5 2. d4 cxd4 3. c3 dxc3 4. Nxc3 e6 5. Nf3 Nc6 6. Bc4 Bb4 7. O-O Nge7 8.
Bg5 a6 9. Rc1 b5 10. Bb3 O-O 11. Qe2 Bb7 12. Rfd1 d6 13. a3 Bc5 14. Be3 Bxe3
15. Qxe3 Qc7 16. Nd5 exd5 17. exd5 Rac8 18. dxc6 Nxc6 19. Qf4 Rcd8 20. Ng5 Qe7
21. Rc3 Ne5 22. Rh3 h6 23. Ne4 Ng6 24. Qg3 Qxe4 0-1

[Event "C'est un classique III-A"]
[Site "chess.com"]
[Date "2020.11.22"]
[Round "2.8"]
[White "Bilodeau-Savaria, Carl-William"]
[Black "Dube, Daniel"]
[Result "0-1"]
[WhiteElo "1766"]
[BlackElo "1697"]
[PlyCount "102"]
[EventDate "2020.11.15"]
[EventType "swiss"]
[EventRounds "5"]
[EventCountry "CAN"]

1. d4 Nf6 2. c4 e6 3. Nf3 d5 4. Nc3 c6 5. e3 Nbd7 6. Bd3 dxc4 7. Bxc4 b5 8. Bd3
a6 9. O-O c5 10. Re1 Bb7 11. b3 Rc8 12. Bb2 cxd4 13. exd4 Bb4 14. Rc1 Nd5 15.
Ne4 Rxc1 16. Qxc1 O-O 17. Re2 Qb8 18. g3 N5f6 19. Nxf6+ Nxf6 20. Ne5 Rc8 21.
Qf4 Qd6 22. f3 Ba3 23. Bxa3 Qxa3 24. Be4 Qc1+ 25. Qxc1 Rxc1+ 26. Kg2 Nxe4 27.
fxe4 f6 28. Nd3 Rd1 29. Nc5 Bc8 30. d5 exd5 31. exd5 Kf7 32. h3 Rxd5 33. Ne4
Bb7 34. Kh2 h6 35. Rc2 Rd7 36. Nc5 Rc7 37. b4 g5 38. Rd2 Bc8 39. g4 a5 40. a3
axb4 41. axb4 f5 42. Rd6 fxg4 43. hxg4 Kg7 44. Kg3 Ra7 45. Rd4 Ra3+ 46. Kf2 Kf6
47. Re4 Ra2+ 48. Ke3 Rc2 49. Kd4 Rg2 50. Re8 Bxg4 51. Ne4+ Kg6 0-1

[Event "C'est un classique III-A"]
[Site "chess.com"]
[Date "2020.11.22"]
[Round "2.9"]
[White "Magner, Wilhelm"]
[Black "Brassard, Sylvain"]
[Result "1-0"]
[WhiteElo "1725"]
[BlackElo "1615"]
[PlyCount "23"]
[EventDate "2020.11.15"]
[EventType "swiss"]
[EventRounds "5"]
[EventCountry "CAN"]

1. d4 Nf6 2. Bf4 d5 3. e3 Bf5 4. c4 c6 5. Qb3 b6 6. Nc3 e6 7. Nf3 Bd6 8. Ne5
Qe7 9. Qa4 Bxe5 10. Bxe5 Qb7 11. cxd5 O-O 12. Bxb8 1-0

[Event "C'est un classique III-A"]
[Site "chess.com"]
[Date "2020.11.29"]
[Round "3.1"]
[White "Tanaka, Tyler"]
[Black "Turcotte, Jonathan"]
[Result "1/2-1/2"]
[WhiteElo "2250"]
[BlackElo "2035"]
[PlyCount "76"]
[EventDate "2020.11.15"]
[EventType "swiss"]
[EventRounds "5"]
[EventCountry "CAN"]

1. Nf3 d5 2. g3 Nf6 3. Bg2 Bf5 4. c4 e6 5. Qb3 Nc6 6. d3 Rb8 7. O-O Be7 8. Nc3
d4 9. Na4 O-O 10. Qc2 e5 11. Bg5 Nd7 12. Bxe7 Qxe7 13. a3 a5 14. c5 h6 15. Rab1
Rfe8 16. Nd2 Nf6 17. Ne4 Nxe4 18. dxe4 Be6 19. b4 axb4 20. axb4 Red8 21. Rfd1
Ra8 22. b5 Na5 23. Rb4 b6 24. Rdb1 Rab8 25. Rc1 Rdc8 26. Nb2 bxc5 27. Qxc5 Qxc5
28. Rxc5 f6 29. f4 Nb3 30. Rc2 c5 31. Bh3 Bxh3 32. Rxb3 Be6 33. Nc4 exf4 34.
gxf4 Rc7 35. b6 Rcb7 36. Rb5 Bxc4 37. Rxc4 Rxb6 38. Rbxc5 Rb2 1/2-1/2

[Event "C'est un classique III-A"]
[Site "chess.com"]
[Date "2020.11.29"]
[Round "3.2"]
[White "Adam, Rafael"]
[Black "Latorre, Vincent"]
[Result "1-0"]
[WhiteElo "1907"]
[BlackElo "2071"]
[PlyCount "105"]
[EventDate "2020.11.15"]
[EventType "swiss"]
[EventRounds "5"]
[EventCountry "CAN"]

1. e3 d5 2. c4 c6 3. Nf3 Nf6 4. b3 g6 5. Bb2 Bg7 6. cxd5 cxd5 7. Be2 O-O 8. O-O
Nc6 9. d3 Re8 10. Nbd2 e5 11. a3 a6 12. b4 b6 13. Rc1 Bb7 14. Qa4 Qd6 15. Rc2
Nd7 16. Rfc1 b5 17. Qb3 Nb6 18. Ba1 Reb8 19. Rc5 Ne7 20. Qb1 Na4 21. R5c2 Rc8
22. Nb3 Rxc2 23. Rxc2 Rc8 24. Na5 Rxc2 25. Qxc2 Bc8 26. Qc1 h6 27. Bd1 Bd7 28.
Nd2 Nc8 29. Ndb3 Bf8 30. Nb7 Qb6 31. N3a5 Bd6 32. Nxd6 Qxd6 33. Nb7 Qc6 34.
Qxc6 Bxc6 35. Na5 Bd7 36. Bxe5 Na7 37. Bb3 Be6 38. Nb7 Nc6 39. Bf6 Bc8 40. Nd6
Be6 41. Ne8 Nb6 42. Nc7 a5 43. bxa5 Nxa5 44. Ba2 Bf5 45. Bc3 Nc6 46. d4 Ne7 47.
Nxb5 Bd3 48. Nc7 Na4 49. Bb4 Bc4 50. Bxc4 dxc4 51. Bxe7 c3 52. Bb4 c2 53. Bd2
1-0

[Event "C'est un classique III-A"]
[Site "chess.com"]
[Date "2020.11.29"]
[Round "3.3"]
[White "Laroche, Hugo"]
[Black "Have, Didier"]
[Result "1-0"]
[WhiteElo "1738"]
[BlackElo "1998"]
[PlyCount "77"]
[EventDate "2020.11.15"]
[EventType "swiss"]
[EventRounds "5"]
[EventCountry "CAN"]

1. d4 d5 2. Bf4 Nc6 3. Nf3 Bg4 4. e3 e6 5. c3 Bd6 6. Bg3 Bxg3 7. hxg3 e5 8. Be2
e4 9. Nfd2 Bxe2 10. Qxe2 Qd7 11. Nb3 b6 12. c4 Nb4 13. O-O c6 14. a3 Nd3 15.
cxd5 cxd5 16. Nc3 Ne7 17. f3 f5 18. g4 O-O 19. gxf5 Qb7 20. fxe4 dxe4 21. Nd2
Nxf5 22. Ndxe4 Qa6 23. Rad1 Nb4 24. axb4 Qxe2 25. Nxe2 Nxe3 26. Rxf8+ Rxf8 27.
Rc1 h6 28. N4c3 Nc4 29. b3 Nd2 30. Rd1 Nxb3 31. d5 Rd8 32. Na4 Kf8 33. Nd4 Nxd4
34. Rxd4 Ke7 35. Nc3 Kd6 36. Kf2 Rf8+ 37. Ke3 Re8+ 38. Ne4+ Ke5 39. Kd3 1-0

[Event "C'est un classique III-A"]
[Site "chess.com"]
[Date "2020.11.29"]
[Round "3.4"]
[White "Dube, Daniel"]
[Black "Landry, Sylvain"]
[Result "0-1"]
[WhiteElo "1697"]
[BlackElo "1956"]
[PlyCount "80"]
[EventDate "2020.11.15"]
[EventType "swiss"]
[EventRounds "5"]
[EventCountry "CAN"]

1. e4 c5 2. Nf3 d6 3. d4 cxd4 4. Nxd4 Nf6 5. Nc3 a6 6. Bc4 e6 7. Bb3 Nbd7 8.
O-O Nc5 9. Bg5 Be7 10. Qf3 O-O 11. Rad1 Qc7 12. h3 b5 13. e5 dxe5 14. Nc6 Bb7
15. Nxe7+ Qxe7 16. Qe3 b4 17. Ne2 Nce4 18. Ng3 Qc7 19. Bxf6 Nxf6 20. Rfe1 Qc6
21. f3 a5 22. c3 a4 23. Bc2 a3 24. bxa3 Rxa3 25. Bb3 e4 26. fxe4 bxc3 27. Rd3
Rc8 28. Rc1 Nxe4 29. Nxe4 Qxe4 30. Qxe4 Bxe4 31. Rcxc3 Raa8 32. Rxc8+ Rxc8 33.
Re3 Bb7 34. Kf2 Kf8 35. a4 Rc5 36. Bd1 Ke7 37. Ra3 Ra5 38. Rc3 Kd6 39. Ke3 Bxg2
40. Kd4 Rd5+ 0-1

[Event "C'est un classique III-A"]
[Site "chess.com"]
[Date "2020.11.29"]
[Round "3.5"]
[White "Bilodeau-Savaria, Sandy-Rose"]
[Black "Morin-Pare, Victor"]
[Result "0-1"]
[WhiteElo "1700"]
[BlackElo "1912"]
[PlyCount "70"]
[EventDate "2020.11.15"]
[EventType "swiss"]
[EventRounds "5"]
[EventCountry "CAN"]

1. d4 Nf6 2. c4 e6 3. Nf3 b6 4. g3 Bb7 5. Bg2 Be7 6. Nc3 O-O 7. O-O d6 8. Re1
Nbd7 9. e4 e5 10. d5 h6 11. Be3 a5 12. Nd2 Nc5 13. Qe2 Bc8 14. f4 Bg4 15. Bf3
Bxf3 16. Qxf3 Nd3 17. Reb1 Nd7 18. Bxb6 Nb4 19. Be3 Nc2 20. a3 Nxa1 21. Rxa1
exf4 22. gxf4 Bf6 23. Bf2 Rb8 24. Rb1 Bxc3 25. Qxc3 Qf6 26. Qxf6 Nxf6 27. e5
Nh5 28. exd6 cxd6 29. Bg3 Rfe8 30. Kf2 Nxg3 31. hxg3 a4 32. Kf3 Re7 33. Ne4
Rb3+ 34. Nc3 Reb7 35. Kg4 Rxc3 0-1

[Event "C'est un classique III-A"]
[Site "chess.com"]
[Date "2020.11.29"]
[Round "3.6"]
[White "Varro, Daniel"]
[Black "Magner, Wilhelm"]
[Result "0-1"]
[WhiteElo "1831"]
[BlackElo "1725"]
[PlyCount "102"]
[EventDate "2020.11.15"]
[EventType "swiss"]
[EventRounds "5"]
[EventCountry "CAN"]

1. c4 c6 2. d4 d5 3. cxd5 cxd5 4. Bf4 Nc6 5. Nc3 Bf5 6. e4 Bxe4 7. Nxe4 dxe4 8.
d5 Qa5+ 9. b4 Nxb4 10. Bd2 Qa3 11. Bb5+ Kd8 12. Qg4 Nf6 13. Qd1 Nfxd5 14. Ne2
Nd3+ 15. Kf1 Qc5 16. Bxd3 exd3 17. Nc1 Qc2 18. Qe1 e6 19. a3 Bd6 20. h4 Bf4 21.
Bxf4 Nxf4 22. Ra2 d2 23. Qxd2+ Qxd2 24. Rxd2+ Ke7 25. g3 Ng6 26. Kg2 Rhd8 27.
Rb2 b6 28. Ne2 Rd3 29. Ra2 Rc8 30. Rb1 Rc5 31. a4 Kd7 32. Rb4 e5 33. Rg4 h5 34.
Rb4 Ne7 35. Ng1 Nc6 36. Rb1 Nd4 37. a5 b5 38. a6 Rcc3 39. Ne2 Nxe2 40. Rxe2 Rd5
41. Rbe1 f6 42. f4 Kd6 43. fxe5+ fxe5 44. Re4 Rc4 45. R4e3 Ra4 46. Rf3 Ke6 47.
Rf8 Rxa6 48. Ref1 Rd2+ 49. Kh3 Raa2 50. Rh1 b4 51. Rb8 a5 0-1

[Event "C'est un classique III-A"]
[Site "chess.com"]
[Date "2020.11.29"]
[Round "3.7"]
[White "Morin, Louis"]
[Black "Picard, Christian"]
[Result "1/2-1/2"]
[WhiteElo "1871"]
[BlackElo "1605"]
[PlyCount "149"]
[EventDate "2020.11.15"]
[EventType "swiss"]
[EventRounds "5"]
[EventCountry "CAN"]

1. e4 c5 2. d4 cxd4 3. c3 dxc3 4. Nxc3 e6 5. Nf3 Nc6 6. Bc4 Bb4 7. O-O Nge7 8.
Bg5 O-O 9. Rc1 a6 10. a3 Bxc3 11. Rxc3 f6 12. Bf4 d5 13. Rd3 Qe8 14. exd5 exd5
15. Bxd5+ Nxd5 16. Rxd5 Be6 17. Re1 Qf7 18. Rd6 Rfd8 19. Qe2 Bg4 20. Red1 Rxd6
21. Bxd6 Qe6 22. Qxe6+ Bxe6 23. Bc7 Rc8 24. Bb6 Bg4 25. h3 Bxf3 26. gxf3 Re8
27. Rd3 Kf7 28. Re3 Rxe3 29. fxe3 Ne5 30. f4 Nc4 31. Bd4 Nd6 32. Kf2 Ne4+ 33.
Kf3 f5 34. Be5 Kg6 35. h4 Kh5 36. Bxg7 Kxh4 37. Bc3 Kh3 38. a4 h5 39. Be1 Kh2
40. a5 Kg1 41. Bh4 Kf1 42. b4 Nd2+ 43. Kg3 Ke2 44. Bg5 Kxe3 45. Kh4 Nb3 46.
Kxh5 Nc1 47. Kg6 Ke4 48. Kf7 Nd3 49. Ke6 Nxb4 50. Kd6 Nc6 51. Kc5 Nxa5 52. Kb6
Nb3 53. Kxb7 a5 54. Kb6 a4 55. Be7 Kxf4 56. Kb5 Nd4+ 57. Kxa4 Ke4 58. Bd6 Nc6
59. Bh2 Ne5 60. Kb3 Nd3 61. Kc3 Nf4 62. Kd2 Kf3 63. Ke1 Ng2+ 64. Kf1 Ne3+ 65.
Kg1 Ng4 66. Bb8 Ke4 67. Kg2 Ne5 68. Bxe5 Kxe5 69. Kf3 Kf6 70. Kf4 Ke6 71. Kf3
Kf6 72. Kf4 Kg6 73. Kf3 Kg5 74. Kg3 Kf6 75. Kf4 1/2-1/2

[Event "C'est un classique III-A"]
[Site "chess.com"]
[Date "2020.12.06"]
[Round "4.1"]
[White "Tanaka, Tyler"]
[Black "Adam, Rafael"]
[Result "1-0"]
[WhiteElo "2250"]
[BlackElo "1907"]
[PlyCount "113"]
[EventDate "2020.11.15"]
[EventType "swiss"]
[EventRounds "5"]
[EventCountry "CAN"]

1. Nf3 d5 2. g3 Nf6 3. Bg2 c5 4. O-O Nc6 5. d4 cxd4 6. Nxd4 e6 7. c4 Be7 8. Nc3
O-O 9. cxd5 exd5 10. a3 Be6 11. b4 Qd7 12. Bb2 Rfd8 13. Nxc6 bxc6 14. Rc1 Bh3
15. Na4 Bxg2 16. Kxg2 Ne4 17. Qc2 Rdc8 18. Rfd1 Qf5 19. Bd4 Qg6 20. Qd3 Nd6 21.
Bc5 Qe6 22. Bxd6 Bxd6 23. Rc2 Be7 24. Rdc1 Rc7 25. Nc5 Bxc5 26. Rxc5 Rac8 27.
Qc2 a6 28. Qd3 Qe4+ 29. Qxe4 dxe4 30. Re5 g6 31. Rxe4 Rd7 32. Rec4 Rd6 33. a4
Kf8 34. b5 axb5 35. axb5 Ke7 36. Rxc6 Rdxc6 37. bxc6 Kd6 38. c7 Rxc7 39. Rxc7
Kxc7 40. Kf3 Kd6 41. e4 f6 42. Ke3 g5 43. f3 Ke5 44. f4+ gxf4+ 45. gxf4+ Ke6
46. Kd4 Kd6 47. f5 h5 48. h4 Ke7 49. Kc5 Kd7 50. Kd5 Ke7 51. Kc6 Ke8 52. Kd6
Kf7 53. Kd7 Kf8 54. Ke6 Kg7 55. Ke7 Kg8 56. Kxf6 Kf8 57. Kg5 1-0

[Event "C'est un classique III-A"]
[Site "chess.com"]
[Date "2020.12.06"]
[Round "4.2"]
[White "Turcotte, Jonathan"]
[Black "Pomerantz, Daniel"]
[Result "0-1"]
[WhiteElo "2035"]
[BlackElo "2164"]
[PlyCount "64"]
[EventDate "2020.11.15"]
[EventType "swiss"]
[EventRounds "5"]
[EventCountry "CAN"]

1. d4 Nf6 2. c4 e6 3. Nf3 Bb4+ 4. Bd2 a5 5. g3 d6 6. Bg2 Nbd7 7. O-O e5 8. Bg5
exd4 9. Nxd4 O-O 10. a3 Bc5 11. Nc3 h6 12. Bf4 a4 13. Ndb5 Nb6 14. Qd3 Be6 15.
Nd5 c6 16. Nxf6+ Qxf6 17. Nxd6 Bxd6 18. Qxd6 Nxc4 19. Qb4 Qxb2 20. Qxb2 Nxb2
21. Rfb1 Nc4 22. Rxb7 Na5 23. Rb4 Nb3 24. Re1 c5 25. Rb6 Ra7 26. Rd1 Nd4 27.
Rd2 Rd7 28. Kf1 Rfd8 29. Rb8 Rxb8 30. Bxb8 Kf8 31. e3 Nf3 32. Rxd7 Bc4+ 0-1

[Event "C'est un classique III-A"]
[Site "chess.com"]
[Date "2020.12.06"]
[Round "4.3"]
[White "Magner, Wilhelm"]
[Black "Landry, Sylvain"]
[Result "1-0"]
[WhiteElo "1725"]
[BlackElo "1956"]
[PlyCount "97"]
[EventDate "2020.11.15"]
[EventType "swiss"]
[EventRounds "5"]
[EventCountry "CAN"]

1. d4 d5 2. Bf4 Nf6 3. e3 c5 4. c3 Nc6 5. Bd3 Bg4 6. Nf3 e6 7. Nbd2 Be7 8. h3
Bh5 9. O-O c4 10. Be2 O-O 11. b3 b5 12. a4 a6 13. Ne5 Bxe2 14. Qxe2 Nxe5 15.
Bxe5 Nd7 16. Bf4 Qb6 17. Rfb1 Qc6 18. bxc4 dxc4 19. Qf3 Qxf3 20. Nxf3 Nb6 21.
axb5 axb5 22. Rxa8 Rxa8 23. Rxb5 Nd5 24. Rb8+ Rxb8 25. Bxb8 Nb6 26. Ba7 Na4 27.
Nd2 Nb2 28. Kf1 f5 29. Nf3 g5 30. Ne5 h5 31. Ke2 g4 32. Kd2 Bg5 33. Kc2 Na4 34.
Nxc4 Bh4 35. Kb3 Nxc3 36. Kxc3 Bxf2 37. Kd3 h4 38. Ne5 gxh3 39. gxh3 Kg7 40.
Nf3 Bg3 41. Bb6 f4 42. e4 Kg6 43. Ba5 Bf2 44. Bd2 Bg3 45. Be1 Kf6 46. Bxg3 hxg3
47. d5 exd5 48. exd5 Kf5 49. Kd4 1-0

[Event "C'est un classique III-A"]
[Site "chess.com"]
[Date "2020.12.06"]
[Round "4.4"]
[White "Morin-Pare, Victor"]
[Black "Laroche, Hugo"]
[Result "0-1"]
[WhiteElo "1912"]
[BlackElo "1738"]
[PlyCount "50"]
[EventDate "2020.11.15"]
[EventType "swiss"]
[EventRounds "5"]
[EventCountry "CAN"]

1. d4 d5 2. Bf4 c6 3. c3 Nf6 4. Nd2 Bf5 5. e3 e6 6. Ngf3 Bd6 7. Ne5 O-O 8. g4
Bxe5 9. dxe5 Nxg4 10. h3 Nh6 11. Bxh6 gxh6 12. h4 Nd7 13. f4 Qb6 14. Kf2 Qxb2
15. Bh3 Bxh3 16. Rxh3 Qxc3 17. Rc1 Qd3 18. Qg4+ Kh8 19. Nf3 Rg8 20. Ng5 hxg5
21. hxg5 Rg7 22. Rch1 Rag8 23. Rh6 Nf8 24. Kf3 c5 25. Rf6 Qe4+ 0-1

[Event "C'est un classique III-A"]
[Site "chess.com"]
[Date "2020.12.06"]
[Round "4.5"]
[White "Latorre, Vincent"]
[Black "Have, Didier"]
[Result "1-0"]
[WhiteElo "2071"]
[BlackElo "1998"]
[PlyCount "56"]
[EventDate "2020.11.15"]
[EventType "swiss"]
[EventRounds "5"]
[EventCountry "CAN"]

1. e4 d6 2. d4 Nf6 3. Nc3 Nbd7 4. f4 e5 5. Nf3 exd4 6. Qxd4 c6 7. Be3 d5 8.
exd5 Bc5 9. Qd3 Qe7 10. Kd2 Bxe3+ 11. Qxe3 Qxe3+ 12. Kxe3 O-O 13. dxc6 bxc6 14.
h3 Re8+ 15. Kf2 Nc5 16. Bd3 Nxd3+ 17. cxd3 Ba6 18. Rad1 Rad8 19. Ne5 c5 20. g3
Bb7 21. Rhe1 Rd4 22. b3 a6 23. Na4 Rd5 24. Rc1 Red8 25. Nxc5 Bc8 26. Kg2 h5 27.
Nf3 Bf5 28. d4 R5d6 1-0

[Event "C'est un classique III-A"]
[Site "chess.com"]
[Date "2020.12.06"]
[Round "4.6"]
[White "Dube, Daniel"]
[Black "Varro, Daniel"]
[Result "1-0"]
[WhiteElo "1697"]
[BlackElo "1831"]
[PlyCount "43"]
[EventDate "2020.11.15"]
[EventType "swiss"]
[EventRounds "5"]
[EventCountry "CAN"]

1. e4 c6 2. d4 d5 3. Nc3 dxe4 4. Nxe4 Nf6 5. Nxf6+ exf6 6. c3 Bd6 7. Bd3 O-O 8.
Qc2 Re8+ 9. Be3 h5 10. h3 Be6 11. c4 Nd7 12. Ne2 Nf8 13. c5 Bb8 14. Kf1 g5 15.
h4 g4 16. Bf4 Bd5 17. Bxb8 Rxe2 18. Qxe2 Rxb8 19. Qe3 Kg7 20. f3 Qd7 21. Qf4
Ng6 22. Qxb8 1-0

[Event "C'est un classique III-A"]
[Site "chess.com"]
[Date "2020.12.06"]
[Round "4.7"]
[White "Bilodeau-Savaria, Carl-William"]
[Black "Bilodeau-Savaria, Sandy-Rose"]
[Result "1/2-1/2"]
[WhiteElo "1766"]
[BlackElo "1700"]
[PlyCount "59"]
[EventDate "2020.11.15"]
[EventType "swiss"]
[EventRounds "5"]
[EventCountry "CAN"]

1. d4 d5 2. c4 Nf6 3. Nf3 e6 4. Nc3 c6 5. e3 Nbd7 6. Bd3 dxc4 7. Bxc4 b5 8. Bd3
Bb7 9. O-O a6 10. e4 c5 11. e5 cxd4 12. Nxb5 axb5 13. exf6 Qxf6 14. Bxb5 Bxf3
15. Qxf3 Qxf3 16. gxf3 Bd6 17. a4 Ke7 18. b3 Rhc8 19. Rd1 Rc3 20. Bxd7 Kxd7 21.
Rxd4 Rxb3 22. Bf4 Ra6 23. Rad1 Rbb6 24. Kg2 Ke7 25. Bxd6+ Rxd6 26. Rxd6 Rxd6
27. Rxd6 Kxd6 28. f4 Kc5 29. Kf3 Kb4 30. Ke4 1/2-1/2

[Event "C'est un classique III-A"]
[Site "chess.com"]
[Date "2020.12.13"]
[Round "5.1"]
[White "Pomerantz, Daniel"]
[Black "Tanaka, Tyler"]
[Result "1-0"]
[WhiteElo "2164"]
[BlackElo "2250"]
[PlyCount "65"]
[EventDate "2020.11.15"]
[EventType "swiss"]
[EventRounds "5"]
[EventCountry "CAN"]

1. e4 c6 2. d4 d5 3. e5 Bf5 4. Nf3 e6 5. Be2 Nd7 6. O-O Ne7 7. Nh4 c5 8. Be3
cxd4 9. Bxd4 Bg6 10. c4 dxc4 11. Na3 Nc6 12. Nxg6 hxg6 13. Bc3 Bxa3 14. bxa3
Ndxe5 15. Qa4 O-O 16. Rad1 Qe7 17. Qb5 a6 18. Qb2 f6 19. f4 Nd3 20. Bxd3 cxd3
21. Rxd3 Rfd8 22. Rg3 Kf7 23. Qb1 f5 24. Qb2 Qc5+ 25. Kh1 Qb5 26. Qa1 Nd4 27.
Rb1 Qc5 28. Rxb7+ Kf6 29. Rd3 Rac8 30. Bxd4+ Rxd4 31. Rxd4 Qc1+ 32. Rd1+ Qxa1
33. Rxa1 1-0

[Event "C'est un classique III-A"]
[Site "chess.com"]
[Date "2020.12.13"]
[Round "5.2"]
[White "Adam, Rafael"]
[Black "Laroche, Hugo"]
[Result "0-1"]
[WhiteElo "1907"]
[BlackElo "1738"]
[PlyCount "126"]
[EventDate "2020.11.15"]
[EventType "swiss"]
[EventRounds "5"]
[EventCountry "CAN"]

1. d4 d5 2. c4 c6 3. Nf3 Nf6 4. e3 Bf5 5. Bd3 Bxd3 6. Qxd3 e6 7. O-O Nbd7 8.
Nc3 Bd6 9. e4 dxe4 10. Nxe4 Nxe4 11. Qxe4 Nf6 12. Qd3 O-O 13. Bg5 h6 14. Bh4
Be7 15. Rad1 Qb6 16. Ne5 Rfd8 17. Qe3 Qxb2 18. Rfe1 Ng4 19. Nxg4 Bxh4 20. Re2
Qb4 21. g3 Be7 22. Rc1 Rd6 23. a3 Qa5 24. Rb1 Qc7 25. Reb2 b6 26. c5 bxc5 27.
dxc5 Rd7 28. Ne5 Rd5 29. Rb7 Qxe5 30. Qxe5 Rxe5 31. Rxe7 Rxc5 32. Rbb7 Rf5 33.
Rxa7 Rb8 34. Reb7 Rxb7 35. Rxb7 Ra5 36. Rb8+ Kh7 37. Rb3 Kg6 38. Kf1 Kf6 39. h4
g5 40. Rc3 c5 41. hxg5+ hxg5 42. Ke2 Ke5 43. g4 f5 44. Re3+ Kf6 45. Rc3 fxg4
46. Kd3 Ke5 47. Kc4 Kf4 48. Re3 e5 49. Kd5 Ra8 50. Kc6 c4 51. Rc3 e4 52. Kb7
Rd8 53. a4 Rd2 54. a5 Rxf2 55. Ra3 g3 56. a6 Rh2 57. a7 Rh8 58. a8=Q Rxa8 59.
Kxa8 g2 60. Ra1 Kf3 61. Kb7 e3 62. Kc6 Kf2 63. Ra2+ e2 0-1

[Event "C'est un classique III-A"]
[Site "chess.com"]
[Date "2020.12.13"]
[Round "5.3"]
[White "Latorre, Vincent"]
[Black "Magner, Wilhelm"]
[Result "1/2-1/2"]
[WhiteElo "2071"]
[BlackElo "1725"]
[PlyCount "145"]
[EventDate "2020.11.15"]
[EventType "swiss"]
[EventRounds "5"]
[EventCountry "CAN"]

1. e4 c6 2. d4 d5 3. exd5 cxd5 4. Bd3 Nc6 5. c3 e5 6. dxe5 Nxe5 7. Bb5+ Nc6 8.
Be3 Nf6 9. Nd2 Bd6 10. h3 O-O 11. Ngf3 h6 12. O-O Bf5 13. Nb3 a6 14. Bd3 Ne4
15. Nbd4 Bh7 16. Qc2 Rc8 17. a3 Re8 18. Rad1 Qc7 19. Nd2 f5 20. Nxe4 fxe4 21.
Be2 Rcd8 22. Bh5 Nxd4 23. Rxd4 Re5 24. Bg4 Bc5 25. Rd2 Bxe3 26. fxe3 Qb6 27.
Rd4 Rd6 28. Qd2 Qb3 29. Rb4 Qa2 30. Bd1 Rf6 31. Re1 Ref5 32. Bc2 Rf2 33. Qd1
Kh8 34. Rxb7 Qc4 35. Rb4 Qc7 36. Re2 Qg3 37. Rb8+ Bg8 38. Rxg8+ Kh7 39. Rxf2
Rxf2 40. Rxg7+ Kxg7 41. Qd4+ Kg6 42. Qb6+ Kf5 43. Bxe4+ dxe4 44. Qc5+ Kg6 45.
Qc6+ Rf6 46. Qxe4+ Kf7 47. Qd5+ Ke7 48. Qb7+ Kf8 49. Qc8+ Kg7 50. Qd7+ Rf7 51.
Qd4+ Kh7 52. Qe4+ Qg6 53. Qd5 Qf5 54. Qd2 Qf1+ 55. Kh2 Qf2 56. Qd3+ Kg7 57.
Qd4+ Rf6 58. Qd7+ Kg6 59. Qg4+ Kh7 60. Qd7+ Kg8 61. Qe8+ Kh7 62. Qe7+ Kg6 63.
Qe4+ Qf5 64. Qe8+ Kg5 65. Qg8+ Rg6 66. Qd8+ Rf6 67. Qg8+ Qg6 68. Qd5+ Rf5 69.
Qd8+ Qf6 70. Qg8+ Qg6 71. Qd8+ Qf6 72. Qg8+ Qg6 73. Qd8+ 1/2-1/2

[Event "C'est un classique III-A"]
[Site "chess.com"]
[Date "2020.12.13"]
[Round "5.5"]
[White "Landry, Sylvain"]
[Black "Bilodeau-Savaria, Sandy-Rose"]
[Result "1-0"]
[WhiteElo "1956"]
[BlackElo "1700"]
[PlyCount "94"]
[EventDate "2020.11.15"]
[EventType "swiss"]
[EventRounds "5"]
[EventCountry "CAN"]

1. e4 c5 2. Nf3 d6 3. d4 cxd4 4. Nxd4 Nf6 5. Nc3 a6 6. h3 e5 7. Nde2 b5 8. Ng3
Be6 9. Bg5 Nbd7 10. a4 bxa4 11. Rxa4 Qb6 12. Qa1 Nc5 13. Be3 Bd7 14. b4 Bxa4
15. bxc5 dxc5 16. Qxa4+ Nd7 17. Bb5 Ra7 18. Bc4 Bd6 19. O-O O-O 20. Nf5 Nf6 21.
Rd1 Rd8 22. Bg5 Be7 23. Nxe7+ Rxe7 24. Nd5 Nxd5 25. Bxd5 Red7 26. Bxd8 Rxd8 27.
Qa2 Rd7 28. Rb1 Qd6 29. Qxa6 g6 30. Rb6 Qe7 31. Rb7 Rc7 32. Rxc7 Qxc7 33. Qb7
Qxb7 34. Bxb7 Kf8 35. Kf1 Ke7 36. Ke2 Kd6 37. Bd5 f6 38. Bg8 h6 39. Bh7 g5 40.
Kd3 Kc6 41. Bg6 Kd6 42. Kc4 Kc6 43. c3 Kd6 44. Kb5 Kd7 45. Kxc5 Kc7 46. c4 Kd7
47. Kb6 Kc8 1-0

[Event "C'est un classique III-A"]
[Site "chess.com"]
[Date "2020.12.13"]
[Round "5.6"]
[White "Have, Didier"]
[Black "Morin-Pare, Victor"]
[Result "0-1"]
[WhiteElo "1998"]
[BlackElo "1912"]
[PlyCount "66"]
[EventDate "2020.11.15"]
[EventType "swiss"]
[EventRounds "5"]
[EventCountry "CAN"]

1. d4 Nf6 2. Bf4 e6 3. e3 b6 4. Qf3 d5 5. Bd3 Bd6 6. Nc3 Ba6 7. Nge2 Bxd3 8.
cxd3 O-O 9. O-O c5 10. Nb5 Bxf4 11. Qxf4 Nc6 12. Rfc1 Nb4 13. Rc3 a6 14. Na3
Rc8 15. Nc2 Nxc2 16. Rxc2 c4 17. dxc4 dxc4 18. e4 b5 19. Rac1 Qa5 20. a3 Nd7
21. Rc3 e5 22. Qf5 exd4 23. Rh3 g6 24. Qxd7 Rfd8 25. Qe7 Qd2 26. Qh4 h5 27. g4
d3 28. gxh5 dxe2 29. hxg6 Qxc1+ 30. Kg2 e1=N+ 31. Kg3 Rd3+ 32. Kg4 Rxh3 33.
gxf7+ Kxf7 0-1